|
|
|
|
| LEADER |
00000nam a2200000 a 4500 |
| 001 |
vtls008369334 |
| 003 |
SK-MaSNL |
| 005 |
20260302085936.0 |
| 008 |
240318s1905 xo a slo |
| 015 |
|
|
|a SKSNBA19011918-000456
|
| 015 |
|
|
|a SNBHFA1905
|
| 020 |
|
|
|q (viaz.)
|
| 035 |
|
|
|a SK01SNKBSKFE20010061551
|
| 035 |
|
|
|a urn:nbn:sk:snk-am3hx2i
|
| 035 |
|
|
|a F739C3DF-3C10-4FC8-B9F0-E4BC2A950B37
|
| 035 |
|
|
|a urn:nbn:sk:snk-am00dc1k
|
| 035 |
|
|
|a SKM000064014
|
| 040 |
|
|
|a SNK
|b slo
|c SNK
|e AACR2
|
| 041 |
0 |
|
|a slo
|
| 044 |
|
|
|a xo
|c SK
|
| 072 |
|
7 |
|a 821.162.4
|x Slovenská literatúra
|2 konspekt
|
| 080 |
|
|
|a 821.162.4
|2 2011
|
| 100 |
1 |
|
|a Dúbravský, Ferdinand,
|d 1850-1926
|4 aut
|9 112750
|
| 245 |
1 |
0 |
|a Pán podsudca na výsluchu
|b Humoreska
|c Napísal Strýčko Ferdinand
|
| 260 |
|
|
|a V Ružomberku
|b Tlačou kníhtlačiarne Karla Salvu
|c 1905
|
| 300 |
|
|
|a 17 strán
|c 15 cm
|
| 490 |
0 |
|
|a Lacné knižky
|v Číslo 5
|
| 500 |
|
|
|a Vlys, typografické ozdoby
|
| 650 |
0 |
7 |
|a slovenská literatúra
|2 SNKPH
|9 1115
|
| 655 |
|
7 |
|a humoresky
|2 SNKPH
|9 427175
|
| 700 |
1 |
|
|a Salva, Karol,
|d 1849-1913
|4 prt
|9 93017
|
| 752 |
|
|
|a Slovensko
|d Ružomberok
|
| 830 |
|
0 |
|a Lacné knižky
|9 427177
|
| 852 |
|
|
|a SNK
|p SE 246/5
|
| 852 |
|
|
|a UKB
|p SG 379
|
| 958 |
|
|
|a ONDV
|
| 999 |
|
|
|c 1194530
|d 1196460
|
| 952 |
|
|
|a SNK
|b SNK
|y PREZ
|7 0
|p 17A0731469
|o snkSE 246/5
|i snk905/31
|0 0
|1 0
|4 0
|d 2017-06-20
|f 1
|l 0
|r 2026-02-24 22:22:41
|w 2026-02-24
|